Normal view
MARC view
Entry Personal Name
001 - CONTROL NUMBER
- control field: 253500
003 - CONTROL NUMBER IDENTIFIER
- control field: OSt
005 - DATE AND TIME OF LATEST TRANSACTION
- control field: 20220925181347.0
008 - FIXED-LENGTH DATA ELEMENTS
- fixed length control field: 220925|| aca||aabn | a|a d
040 ## - CATALOGING SOURCE
- Original cataloging agency: OSt
- Transcribing agency: OSt
100 ## - HEADING--PERSONAL NAME
- Personal name: Motta Ronaldo Seroa Da Ed
670 ## - SOURCE DATA FOUND
- Source citation: Work cat.: (OSt)499027: Motta Ronaldo Seroa Da Ed., Environmental economics and policy making in development, 2001
